00506nam a2200193 a 4500001001300000003000900013005001700022008004100039020001000080082001300090100002100103245005200124260003100176300000800207500003500215505001300250650002800263700002100291nice12345678IN_TiNIC20260116011416.0050524s1985 teha grp 000 0 per  ac10000a244bNOZ aNozad, Rajab Ali aInsan Chiguna Ewaz Mishawad, How Man Is Changed aTehranbNo Publisherc1985 a49p aincludes index and biblioraphy2 aAppendix aChristianity-Miscellany1 aNozad, Rajab Ali